| 000 | 01441cam a22003131i 4500 | ||
|---|---|---|---|
| 003 | SA-RiAUC | ||
| 005 | 20250611095317.0 | ||
| 008 | 250605s2008 mr g 000 0 ara c | ||
| 040 |
_aMA-HhKAF _bara _cSA-RiAUC. _erda |
||
| 043 | _aa-su--- | ||
| 072 | 7 | _aOM | |
| 082 | 0 | 4 |
_a915.31204 _qSA-RiAUC |
| 090 |
_a915.31204 _b و ر ا |
||
| 100 | 1 |
_aالوراكلي، حسن، _d1941- _eمؤلف. |
|
| 245 | 1 | 0 |
_aنزهة البهاء ورحلة السناء من بحر المجاز إلى أرض الحجاز : _bكلمات العلماء والأدباء في حفل تكريم منتدى "الإثنينية" الثقافي / _cحسن الوراكلي ؛ إعداد وتقديم البراء الوراكلي. |
| 264 | 1 |
_a[مكان النشر غير محدد] : _b[الناشر غير محدد]، _c2008 |
|
| 264 | 3 |
_aتطوان، المغرب : _bمطابع الشويخ |
|
| 300 |
_a141 صفحة ؛ _c24 سم. |
||
| 336 |
_aنص _btxt _2rdacontent _3كتاب |
||
| 337 |
_aبدون وسيط _bn _2rdamedia |
||
| 338 |
_aمجلد _bnc _2rdacarrier |
||
| 490 | 0 |
_aمطبوعات ندوة زمزم الجمعية ؛ _v7 |
|
| 500 | _aغلاف مصور. | ||
| 610 | 2 | 7 |
_aمنتدى الإثنينية (جدة، السعودية) _2aucnm |
| 651 | 7 |
_aالحجاز (السعودية) _xوصف ورحلات _2aucsh |
|
| 700 | 1 |
_aالوراكلي، البراء _eمعد. |
|
| 942 |
_2ddc _cBOOK _n0 |
||
| 949 |
_aSA-JeALM _d250605 _umohamedma123 _n1 |
||
| 999 |
_c8841 _d8841 |
||